000 00252nam a22001217a 4500
008 180126b xxu||||| |||| 00| 0 eng d
041 _aeng
080 _a7
100 _a44
101 _aART
245 _aGiorgio morandi
_cGiuffre.G
942 _2udc
_cBK
999 _c41009
_d41009